000 00923cam a22002771 4500
001 e 20000358
003 DLC
005 20260227111211.0
008 960611s1920 dcua 000 0 eng c
010 _ae 20000358
035 _a(OCoLC)34912006
040 _aU.S. Bur. of Education
_cMoU
_dDLC
042 _apremarc
050 0 0 _aL111
_b.A56 no. 17
051 _aLB2342
_b.S8
051 _c2d set.
100 1 _aStevens, Edwin Bicknell.
245 0 0 _aHow much does higher education cost?
_cBy Edwin B. Stevens ...
260 _a[Washington,
_bGovt. Print. Off.,
_c1920]
300 _a30 p.
_btables, diagrs.
_c23 cm.
490 0 _aUnited States. Bureau of Education. Higher education circular
_vno. 17. August, 1919
500 _aCaption title.
500 _aAt head of title: Department of the interior. Bureau of education, Washington.
650 0 _aEducation
_zUnited States.
650 0 _aEducation, Higher.
999 _c20364
_d20364